| 000 | 01258nam a22002777a 4500 | ||
|---|---|---|---|
| 005 | 20240530110443.0 | ||
| 008 | 150422s2010 su ab g b 000 0 ara d | ||
| 017 |
_a1428/7443 _bالسعودية . مكتبة الملك فهد الوطنية |
||
| 020 | _a9789960587745 | ||
| 040 | _aEG-CaGPL | ||
| 041 | 1 |
_aara _heng |
|
| 082 | 0 | 4 |
_221 _a953.073\ _bط ن |
| 100 | 0 | _aطائف كمال الازهرى | |
| 245 | 1 | 0 |
_aنصوص و وثائق تاريخية من العصر الاسلامى الوسيط : _bمع تعليق و ترجمة الى الانجليزية / _cطائف كمال الازهرى |
| 246 | _aMedieval Muslim Chronicles Sources And Documents With Annotation | ||
| 250 | _aط1 | ||
| 260 |
_aالرياض : _bدار الزهراء للنشر و التوزيع ، _c2010 . |
||
| 300 |
_a223 + 157 ص : _bخرائط ؛ _c24 سم . |
||
| 500 | _aيحتوى على نص باللغة الانجليزية | ||
| 504 | _aيشتمل على ارجاعات ببليوجرافية | ||
| 650 | 0 | 4 |
_aالعالم الاسلامى _xتاريخ |
| 650 | 0 | 4 | _aالحضارة العربية |
| 650 | 0 | 4 |
_aالعالم الاسلامى _xتاريخ _xالحروب الصليبية |
| 942 |
_2ddc _cBK |
||
| 999 |
_c61080 _d61080 |
||